000 00411nam a2200157Ia 4500
008 230524s9999 xx 000 0 und d
020 _a8121905516
082 _a402.63
_bAGG
100 _aR.S.Aggarwal
245 2 _aA Modern Approach to Verbal & Non-Verbal Reasoning
260 _aNEW DELHI
_bS.Chand
_c2011
300 _a726
500 _aQuantity Number: 8
650 _aMiscellaneous
_91877
942 _cBK
999 _c48555
_d48555